00892nam a2200241Ia 4500003000400000005001700004008004100021020002200062040000700084041000800091082002200099100003900121245010000160250000700260260004400267300002600311365001300337650002300350906009600373942001200469999001900481952015000500OSt20230522114821.0210423s2015 xx 000 0 und d a978-93-83866-48-9 cAL aeng a657.46223b MEHI aMEHROTRA (H C);GOYAL (S P)9110192 aIncome tax law and practice: including tax planning and management and wealth tax 2015-16 Ed 36 a36 aAgrabSahitya Bhawan Publicationsc2015 aiii,848,96,56,xixbPB b675cINR aIncome Tax9110193 a36 ; Ed ; including ; Income ; law ; management ; planning ; practice ; tax ; tax: ; wealth 2ddccBK c166937d166937 001040708MCOMaSACPGbSACPGd2015-07-14eBiblios Book Pointg675.00l1o657.46 MEHIpPG013438r2022-08-24 00:00:00s2022-02-12w2021-04-26yBK